R.O.F., (Record no. 551714)
[ view plain ]
| 000 -LEADER | |
|---|---|
| fixed length control field | 00589cam a22001691 4500 |
| 082 ## - DEWEY DECIMAL CLASSIFICATION NUMBER | |
| Classification number | 355.82 |
| Author Mark | HAY |
| -- | L-30, P-48. |
| 100 1# - MAIN ENTRY--PERSONAL NAME | |
| Personal name | Hay, Ian. |
| 9 (RLIN) | 48842 |
| 245 10 - TITLE STATEMENT | |
| Title | R.O.F., |
| Remainder of title | the story of the Royal Ordnance factories, 1939-1948, |
| Statement of responsibility, etc. | by Ian Hay [pseud.] |
| 260 ## - PUBLICATION, DISTRIBUTION, ETC. | |
| Place of publication, distribution, etc. | London, |
| Name of publisher, distributor, etc. | H.M. Stationery Off., |
| Date of publication, distribution, etc. | 1949. |
| 300 ## - PHYSICAL DESCRIPTION | |
| Extent | 104 p. |
| Other physical details | ill., |
| Dimensions | 22 cm. |
| 500 ## - GENERAL NOTE | |
| General note | "Prepared by the Ministry of Supply and the Central Office of Information." |
| 526 ## - STUDY PROGRAM INFORMATION NOTE | |
| Program name | 0 |
| Interest level | 0 |
| Reading level | 0 |
| Title point value | 355_820000000000000_HAY |
| 650 ## - SUBJECT ADDED ENTRY--TOPICAL TERM | |
| Topical term or geographic name entry element | MCE |
| 9 (RLIN) | 379 |
| 710 1# - ADDED ENTRY--CORPORATE NAME | |
| Corporate name or jurisdiction name as entry element | Great Britain. |
| 9 (RLIN) | 39715 |
| 710 1# - ADDED ENTRY--CORPORATE NAME | |
| Corporate name or jurisdiction name as entry element | Great Britain. |
| 9 (RLIN) | 39715 |
| 942 ## - ADDED ENTRY ELEMENTS (KOHA) | |
| Source of classification or shelving scheme | |
| Koha item type | Book |
| Withdrawn status | Lost status | Source of classification or shelving scheme | Damaged status | Not for loan | Permanent Location | Current Location | Date acquired | Total Checkouts | Full call number | Barcode | Date last seen | Price effective from | Koha item type |
|---|---|---|---|---|---|---|---|---|---|---|---|---|---|
| Military College of Engineering (MCE) | Military College of Engineering (MCE) | 12/24/2014 | 355.82 HAY | MCE-40050 | 12/24/2014 | 03/14/2021 | Book |
